Постановление ГКО СССР № 4159 с о восстановлении таганрогского завода "Красный котельщик" Наркомата тяжелого машиностроения, с п...

RUSMARC
00005080cbm0a2200325#x 450
0012065f469-a12f-40d1-bbe7-8f7c8a7bea4b
00520250526105533.0
100##$a20250523j19430917k###0rusy50 ca
1010#$arus
102##$aRU
105##$ay###z########
1220#$ad19430917##
2001#$aПостановление ГКО СССР № 4159 с о восстановлении таганрогского завода "Красный котельщик" Наркомата тяжелого машиностроения, с приложением ведомости оборудования
$j17 сентября 1943 г.
251##$cДокумент
300##$aРассылочный и подлинный экземпляры
461#0$12001
$aФ. 644
$1251
$cФонд
$1852
$j644
462#0$12001
$aОп. 1
$1251
$cОпись
$1852
$j1
60101$2nlr_sh
$3RU\NLR\AUTH\661357733
$aСССР
$bГосударственный Комитет Обороны
$xИстория
$jДокументы и материалы
60102$2nlr_sh
$3RU\NLR\AUTH\661348378
$a"Красный котельщик", таганрогский котлостроительный з-д
$jДокументы и материалы
605##$2prlib_sh
$3LIBNET\UAF\0000088514
$aВторая мировая война в архивных документах (Комплекс оцифрованных архивных документов, кино- и фотоматериалов)
$lколлекция
605##$2acquisition_Prlib
$3DITM\AF\0000002775
$aВласть
$lколлекция
6061#$2prlib_sh
$3LIBNET\UAF\0000110530
$aВеликая Отечественная война
$z1941 - 1945
$xОсвобожденные районы
$xВосстановление
$jДокументы и материалы
686##$a63.3(2)622,12ю1
$vLBC/M
$2rubbk
686##$a65.03(2Рос-4Рос)622ю1
$vLBC/M
$2rubbk
686##$a34.4-4г.ю1
$vLBC/M
$2rubbk
801#0$aRU
$bПБ им. Б.Н. Ельцина
$c20250523
801#1$aRU
$bПБ им. Б.Н. Ельцина
$c20250523
$2rusmarc
801#2$aRU
$bПБ им. Б.Н. Ельцина
$c20250526
$2rusmarc
850##$aРоссийский государственный архив социально-политической истории
852##$aРГАСПИ
$jД. 152. Л. 93-95; Оп. 2. Д. 215. Л. 104-107
035##$aLIBNET\0001475437
937##$d196753972
$hФедеральное архивное агентство
8564#$uhttp://readingroom.main.prlib.ru/item.aspx?id_node=n196753972&mode=full
Формат отображения